| 000 | 00348nam a2200121Ia 4500 | ||
|---|---|---|---|
| 008 | 220217s9999||||xx |||||||||||||| ||und|| | ||
| 082 | _a894.814 1 SUN | ||
| 100 | _aSundaresh, B.K | ||
| 245 | 0 | _aGatt, Dunkal, WTO ondhu vishasarpa | |
| 260 |
_aNavodaya printers and publishers _bCikkamangalore _c2001 |
||
| 300 | _b10 | ||
| 650 | _aGENERAL BOOKS | ||
| 999 |
_c172393 _d172393 |
||